000 00253nam a2200109Ia 4500
008 200302s9999 xx 000 0 und d
100 _aKidder Smith
245 _aSweden Builds
260 _bThe Architectural Press Ltd.
260 _c1957
300 _a270 P.,
999 _c324
_d324